000 00425nam a2200169Ia 4500
008 090711s9999 xx 000 0 und d
082 _b79525
100 _aदेसाई अरुणा
245 _aकथाई
260 _c1996
300 _a100
600 _aदेसाई अरुणा
630 _aकथाई
700 _aदेसाई अरुणा
730 _aकथाई
942 _cBOOK
999 _c312633
_d312633